000 00948nam a22002537a 4500
003 BD-DhSAU
005 20190113091548.0
008 161006b2015 bg ||||| |||| 00| 0 eng d
040 _aBD-DhSAU
082 _222
_a581.2
_bN957
100 _aNusrat, Raihana
_4Regi. no. 10-04143
245 _aEFFICACY OF SOME CHEMICALS IN CONTROLLING CITRUS CANKER DISEASE /
_cRAIHANA NUSRAT
_bMs Thesis
260 _aDhaka : Sher e Bangla Agricultural University :
_bDepartment of Plant Pathology ,
_c2015
300 _axi, 65 p. :
_bill. ;
_c29 cm.
504 _aIncludes bibliographical references.
590 _aKamim
650 _aPlant Pathology.
650 _aEfficacy of some chemicals in controlling
650 _aCitrus canker disease
700 _aSultana, Nazneen
_4Supervisor
700 _aTonu, Nazmoon Naher
_4Co-supervisor
856 _uhttp://archive.saulibrary.edu.bd:8080/xmlui/handle/123456789/34
_yOnline access
942 _2ddc
_cTHESIS
999 _c13871
_d13870